[Event "DEM U10/U10w 2015"]
[Site "Willingen GER"]
[Date "2015.05.24"]
[Round "1"]
[White "Gericke, Luis"]
[Black "Wagner, Leopold Franziskus"]
[Result "0-1"]
[Termination "normal"]
[Board "1"]
[WhiteElo "1220"]
[BlackElo "1803"]
[WhiteClock "00:16:50"]
[BlackClock "00:17:31"]
[PlyCount "112"]
[WhiteFideId "16212525"]
[BlackFideId "1641581"]
[EventCountry "GER"]
[EventRounds "11"]
[EventType "swiss"]
[EventDate "2015.05.23"]

1. e4 e5 2. Nf3 Nc6 3. Bb5 a6 4. Bxc6 dxc6 5. O-O Bd6 6. d4 exd4 7. Nxd4 Ne7 8.
Nc3 O-O 9. Be3 b6 10. f4 c5 11. Nf3 Nc6 12. Qd5 Bb7 13. Qh5 f6 14. Nd2 Nd4 15.
Rac1 Qe8 16. Qh4 Rd8 17. Bxd4 cxd4 18. Ne2 Bxe4 19. Nxd4 Bc5 20. c3 Bb7 21. Qf2
Bxd4 22. cxd4 Qd7 23. Nb3 Bd5 24. Qc2 Bxb3 25. Qxb3+ Kh8 26. Rfd1 Qd6 27. g3
Rd7 28. Rd2 Rfd8 29. Re1 Qc6 30. Qe3 h6 31. d5 Rxd5 32. Qe4 Qc5+ 33. Rf2 Qd4
34. Qxd4 Rxd4 35. Re7 Rd1+ 36. Kg2 R1d2 37. Rxc7 Rxf2+ 38. Kxf2 Rd2+ 39. Kg1
Rxb2 40. Rb7 a5 41. f5 a4 42. h3 b5 43. g4 b4 44. h4 a3 45. Rb8+ Kh7 46. h5 b3
47. g5 hxg5 48. h6 bxa2 49. Rxb2 axb2 50. Kg2 a1=Q 51. Kh3 b1=Q 52. Kg4 Qe4+
53. Kg3 Qc3+ 54. Kf2 Qec2+ 55. Kf1 Qf3+ 56. Kg1 Qfd1# 0-1

[Event "DEM U10/U10w 2015"]
[Site "Willingen GER"]
[Date "2015.05.24"]
[Round "1"]
[White "Krastev, Alexander"]
[Black "Schubert, Nikita"]
[Result "1-0"]
[Termination "normal"]
[Board "2"]
[WhiteElo "1940"]
[BlackElo "1216"]
[WhiteClock "00:20:27"]
[BlackClock "00:26:33"]
[PlyCount "94"]
[WhiteFideId "12989983"]
[BlackFideId "16212339"]
[EventCountry "GER"]
[EventRounds "11"]
[EventType "swiss"]
[EventDate "2015.05.23"]

1. e4 e5 2. Nf3 Nc6 3. Bc4 Bc5 4. c3 Nf6 5. d3 O-O 6. Nbd2 d5 7. exd5 Nxd5 8.
Ne4 Bb6 9. O-O Bf5 10. Ng3 Be6 11. Ng5 Qd7 12. Nxe6 Qxe6 13. Re1 Qd7 14. Qf3
Nf6 15. Bg5 Ne8 16. Rad1 Nd6 17. Bb3 Kh8 18. Nh5 Qf5 19. Qxf5 Nxf5 20. g4 Nd6
21. Ng3 h6 22. Bc1 Rad8 23. Ba4 Rfe8 24. Kg2 g5 25. Rh1 Kg7 26. h4 f6 27. Bc2
Rh8 28. Rh3 Nf7 29. Nf5+ Kf8 30. Rdh1 Ke8 31. hxg5 fxg5 32. Nxh6 Nxh6 33. Rxh6
Rxh6 34. Rxh6 Kd7 35. Bxg5 Rf8 36. Rf6 Rxf6 37. Bxf6 Ke6 38. Bh4 Ne7 39. Bb3+
Kd7 40. Bg3 Nc6 41. Kf3 Ke7 42. Ke4 Kf6 43. Bh4+ Kg6 44. Bd5 Kg7 45. b4 Kf8 46.
b5 Na5 47. Kxe5 Ke8 1-0

[Event "DEM U10/U10w 2015"]
[Site "Willingen GER"]
[Date "2015.05.24"]
[Round "1"]
[White "Kurzweil, Nalani"]
[Black "Bui, Bao Anh Le"]
[Result "0-1"]
[Termination "normal"]
[Board "3"]
[WhiteElo "1209"]
[BlackElo "1660"]
[WhiteClock "00:46:50"]
[BlackClock "00:10:18"]
[PlyCount "100"]
[WhiteFideId "12985694"]
[BlackFideId "12970719"]
[EventCountry "GER"]
[EventRounds "11"]
[EventType "swiss"]
[EventDate "2015.05.23"]

1. e4 c5 2. Nf3 d6 3. d4 cxd4 4. Nxd4 Nf6 5. Nc3 a6 6. f3 e5 7. Nb3 Be6 8. Be3
Be7 9. Qd2 Nbd7 10. Bd3 b5 11. a3 Nc5 12. Nxc5 dxc5 13. Qf2 Rc8 14. Rd1 Qc7 15.
O-O O-O 16. Kh1 Rfd8 17. Rfe1 Rd7 18. h3 Rcd8 19. Be2 Rxd1 20. Rxd1 Rxd1+ 21.
Bxd1 Nd7 22. Be2 Nb6 23. Bd3 Nc4 24. Bxc4 Bxc4 25. b3 Be6 26. Qd2 Qd6 27. Qf2
Qc6 28. Qd2 f6 29. Kh2 c4 30. b4 Kf7 31. Nd5 Bxd5 32. Qxd5+ Qxd5 33. exd5 c3
34. Bc5 Bxc5 35. bxc5 a5 36. Kg1 b4 37. c6 Ke7 38. c7 Kd7 39. d6 bxa3 40. Kf2
a2 41. Ke2 a1=Q 42. Kf2 Qd1 43. Kg3 Qe1+ 44. Kh2 a4 45. h4 a3 46. h5 a2 47. h6
a1=Q 48. c8=Q+ Kxc8 49. d7+ Kxd7 50. hxg7 Qh4# 0-1

[Event "DEM U10/U10w 2015"]
[Site "Willingen GER"]
[Date "2015.05.24"]
[Round "1"]
[White "Musiolik, David"]
[Black "Pietsch, Julius"]
[Result "1/2-1/2"]
[Termination "normal"]
[Board "4"]
[WhiteElo "1629"]
[BlackElo "1202"]
[WhiteClock "00:10:28"]
[BlackClock "01:04:24"]
[PlyCount "118"]
[WhiteFideId "12972355"]
[BlackFideId "12985660"]
[EventCountry "GER"]
[EventRounds "11"]
[EventType "swiss"]
[EventDate "2015.05.23"]

1. e4 c5 2. Nf3 d6 3. Nc3 Nf6 4. Bc4 a6 5. a4 e6 6. d4 cxd4 7. Nxd4 Be7 8. O-O
O-O 9. Be3 Nc6 10. Qd2 Nxd4 11. Bxd4 Qc7 12. Bb3 Bd7 13. Rfe1 Rac8 14. Rad1
Rfd8 15. Qe3 Qc6 16. f3 h6 17. Kh1 Re8 18. e5 dxe5 19. Bxe5 Rcd8 20. a5 Kh8 21.
Ba4 Qc8 22. Bxd7 Rxd7 23. Rxd7 Qxd7 24. Ne4 Qd8 25. b4 Kg8 26. c3 Nxe4 27. Qxe4
Bf6 28. Bxf6 Qxf6 29. Qe5 Qxe5 30. Rxe5 Rc8 31. Re3 Rc4 32. Kg1 Kf8 33. Kf2 Ke7
34. Ke2 f5 35. Kd3 Rc6 36. c4 Kf6 37. f4 g5 38. fxg5+ hxg5 39. h3 f4 40. Re4
Kf5 41. Rd4 Rc7 42. Rd6 e5 43. Rd5 Re7 44. b5 Rc7 45. b6 Re7 46. Rc5 Re8 47.
Rc7 e4+ 48. Ke2 Rb8 49. Re7 e3 50. Kf3 Rc8 51. Rxb7 Rxc4 52. Rc7 Rb4 53. b7 Rb2
54. Rc5+ Kf6 55. Rc6+ Kf5 56. Rc5+ Kf6 57. Rc6+ Kf5 58. Rc5+ Kg6 59. Rc6+ Kf5
1/2-1/2

[Event "DEM U10/U10w 2015"]
[Site "Willingen GER"]
[Date "2015.05.24"]
[Round "1"]
[White "Nguyen, Phuong Thao Vivien"]
[Black "Bethke, Richard"]
[Result "0-1"]
[Termination "normal"]
[Board "5"]
[WhiteElo "1195"]
[BlackElo "1655"]
[WhiteClock "00:52:54"]
[BlackClock "01:13:23"]
[PlyCount "108"]
[WhiteFideId "16210735"]
[BlackFideId "12959243"]
[EventCountry "GER"]
[EventRounds "11"]
[EventType "swiss"]
[EventDate "2015.05.23"]

1. e4 e5 2. Nf3 Nc6 3. Bc4 Bc5 4. O-O Nf6 5. d4 Bxd4 6. Nxd4 Nxd4 7. f4 d6 8.
fxe5 dxe5 9. Bg5 Be6 10. Bxe6 fxe6 11. Bxf6 gxf6 12. c3 Nb5 13. Qxd8+ Rxd8 14.
Rxf6 Rf8 15. Rxe6+ Kf7 16. Rxe5 Rd1+ 17. Kf2 c6 18. a4 Nd6 19. Ke2 Rg1 20. Rg5
Ke6 21. Rg7 Rff1 22. Rxh7 Rxb1 23. Ra2 Rxg2+ 24. Kf3 Rgxb2 25. Rxb2 Rxb2 26.
Rh6+ Ke7 27. Ke3 Rb1 28. Rh7+ Kd8 29. Rh8+ Kc7 30. e5 Re1+ 31. Kd4 Nf5+ 32. Kd3
Rxe5 33. Rh7+ Re7 34. Rxe7+ Nxe7 35. h4 Ng6 36. h5 Nf4+ 37. Kc4 Nxh5 38. a5 b6
39. axb6+ Kxb6 40. Kb4 a5+ 41. Ka4 Nf4 42. c4 Kc5 43. Kxa5 Kxc4 44. Ka4 c5 45.
Ka3 Kc3 46. Ka2 c4 47. Kb1 Kd2 48. Kb2 c3+ 49. Kb1 c2+ 50. Ka2 c1=Q 51. Kb3 Nd5
52. Ka4 Qb2 53. Ka5 Qb6+ 54. Ka4 Qb4# 0-1

[Event "DEM U10/U10w 2015"]
[Site "Willingen GER"]
[Date "2015.05.24"]
[Round "1"]
[White "Kirchner, Markus"]
[Black "Schmidt, Pauline"]
[Result "1-0"]
[Termination "normal"]
[Board "6"]
[WhiteElo "1633"]
[BlackElo "1184"]
[WhiteClock "00:24:18"]
[BlackClock "00:13:45"]
[PlyCount "100"]
[WhiteFideId "12979163"]
[BlackFideId "16209850"]
[EventCountry "GER"]
[EventRounds "11"]
[EventType "swiss"]
[EventDate "2015.05.23"]

1. e4 e5 2. Nf3 Nc6 3. Bc4 Nf6 4. Ng5 d5 5. exd5 Nxd5 6. Qh5 g6 7. Qf3 Be6 8.
Nxe6 fxe6 9. O-O Qd7 10. d3 O-O-O 11. Nd2 Be7 12. Ne4 Rdf8 13. Qh3 h5 14. Nc3
Nf4 15. Bxf4 Rf5 16. Bd2 g5 17. Ne4 g4 18. Qe3 h4 19. Bb5 Kb8 20. Qe2 Rg8 21.
Rac1 h3 22. g3 Nd4 23. Bxd7 Nxe2+ 24. Kh1 Nxc1 25. Bxe6 Rf3 26. Bxc1 Rgf8 27.
Bxg4 R3f7 28. Bxh3 Bb4 29. c3 Ba5 30. a4 Bb6 31. Kg2 a5 32. c4 c5 33. Be3 Ba7
34. Bxc5 Bxc5 35. Nxc5 Rd8 36. Rd1 Re7 37. Nb3 e4 38. d4 e3 39. Re1 e2 40. Bg4
Rc8 41. Bxc8 Kxc8 42. Kf3 Rc7 43. c5 Kd7 44. Rxe2 Kc6 45. Re5 b6 46. cxb6 Kxb6
47. Rb5+ Kc6 48. Rc5+ Kb6 49. Rxc7 Kxc7 50. h4 Kd8 1-0

[Event "DEM U10/U10w 2015"]
[Site "Willingen GER"]
[Date "2015.05.24"]
[Round "1"]
[White "Huo, Da"]
[Black "Weihrauch, Jakob"]
[Result "0-1"]
[Termination "normal"]
[Board "7"]
[WhiteElo "1179"]
[BlackElo "1594"]
[WhiteClock "00:54:14"]
[BlackClock "00:55:38"]
[PlyCount "108"]
[WhiteFideId "16221206"]
[BlackFideId "16210115"]
[EventCountry "GER"]
[EventRounds "11"]
[EventType "swiss"]
[EventDate "2015.05.23"]

1. e4 d6 2. d4 Nf6 3. Nc3 g6 4. Nf3 Bg7 5. Bc4 O-O 6. O-O c6 7. Bg5 b5 8. Bxf6
Bxf6 9. Bb3 Bg4 10. h3 Bxf3 11. Qxf3 Bxd4 12. Rad1 Bg7 13. Rfe1 Nd7 14. a3 Qa5
15. Re2 Bxc3 16. Qxc3 Qxc3 17. bxc3 a5 18. Rd3 Nc5 19. Rf3 e6 20. Kf1 b4 21. e5
d5 22. cxb4 axb4 23. axb4 Ne4 24. Rd3 Ra1+ 25. Re1 Rxe1+ 26. Kxe1 Rb8 27. c3 c5
28. f3 c4 29. Bxc4 dxc4 30. Re3 Nxc3 31. Rxc3 Rxb4 32. f4 Kg7 33. g4 f6 34. Ke2
fxe5 35. fxe5 Rb5 36. Rxc4 Rxe5+ 37. Kf3 Re1 38. h4 Rf1+ 39. Kg3 e5 40. Rc7+
Rf7 41. Rc3 Kf6 42. Rc6+ Ke7 43. Rc7+ Ke6 44. Rxf7 Kxf7 45. Kf3 Kf6 46. Ke4 Ke6
47. h5 gxh5 48. gxh5 h6 49. Kf3 Kf5 50. Ke3 Kg5 51. Ke4 Kxh5 52. Kxe5 Kg4 53.
Ke4 Kg3 54. Ke3 h5 0-1

[Event "DEM U10/U10w 2015"]
[Site "Willingen GER"]
[Date "2015.05.24"]
[Round "1"]
[White "Evering, Sören"]
[Black "Schupfer, Michael"]
[Result "1-0"]
[Termination "normal"]
[Board "8"]
[WhiteElo "1712"]
[BlackElo "1173"]
[WhiteClock "00:07:06"]
[BlackClock "00:44:27"]
[PlyCount "70"]
[WhiteFideId "12974650"]
[EventCountry "GER"]
[EventRounds "11"]
[EventType "swiss"]
[EventDate "2015.05.23"]

1. Nf3 Nc6 2. d4 d5 3. Bf4 Bf5 4. Nc3 a6 5. e3 e6 6. Be2 Bb4 7. O-O Qf6 8. Bxc7
Qg6 9. Bd3 Rc8 10. Bxf5 Qxf5 11. Bb6 Bd6 12. Re1 Nf6 13. a3 Ng4 14. h3 Nf6 15.
Qd3 Ne4 16. Re2 O-O 17. Rae1 Rfe8 18. Nh4 Qh5 19. Nxe4 dxe4 20. Qxe4 Qb5 21.
Bc5 Bxc5 22. dxc5 Qxc5 23. Rd2 Qh5 24. Nf3 Qb5 25. b3 Red8 26. Red1 Rxd2 27.
Rxd2 Re8 28. a4 Qa5 29. Rd7 f5 30. Qh4 Ne5 31. Nxe5 Qxe5 32. Rxb7 Qd5 33. Ra7
Rc8 34. Qe7 Qe5 35. Rxa6 Rc7 1-0

[Event "DEM U10/U10w 2015"]
[Site "Willingen GER"]
[Date "2015.05.24"]
[Round "1"]
[White "Liu, Sijia Anna"]
[Black "Hommer, Jeremy"]
[Result "0-1"]
[Termination "normal"]
[Board "9"]
[WhiteElo "1147"]
[BlackElo "1570"]
[PlyCount "146"]
[WhiteFideId "12989746"]
[BlackFideId "12992577"]
[EventCountry "GER"]
[EventRounds "11"]
[EventType "swiss"]
[EventDate "2015.05.23"]

1. e4 c6 2. d4 d5 3. Nc3 dxe4 4. Nxe4 Nf6 5. Nxf6+ exf6 6. c3 Bd6 7. Nf3 O-O 8.
Be2 Be6 9. O-O Re8 10. Bd3 Nd7 11. Qc2 h6 12. c4 Rc8 13. h3 b5 14. b3 Nf8 15.
c5 Bb8 16. Re1 Qc7 17. Bd2 Bd5 18. Be4 Bxe4 19. Rxe4 Ne6 20. Rae1 Rcd8 21. Qb1
Rd5 22. Bf4 Qc8 23. Bxb8 Qxb8 24. Qd3 Red8 25. Rh4 Nxc5 26. Qc2 Ne6 27. Qxc6
R8d6 28. Qc3 Qc8 29. Rd1 a5 30. b4 a4 31. Re4 Qd7 32. Qe3 Rc6 33. Rd3 Qc7 34.
Rd1 Rc3 35. Qd2 Rc2 36. Qe3 Rxa2 37. Rc1 Rc2 38. Ra1 Rc4 39. Rc1 Rxc1+ 40. Ne1
Kh7 41. Qd3 f5 42. Re3 g6 43. Kf1 Rxd4 44. Qxb5 Qc4+ 45. Qxc4 Rdxc4 46. b5 Rb1
47. Ke2 Re4 48. Nc2 Rxe3+ 49. Kxe3 Rxb5 50. Kd3 Nf4+ 51. Kc4 Rb8 52. g3 Nxh3
53. Na3 Nxf2 54. Nb5 Ne4 55. Kb4 a3 56. Kc4 Rxb5 57. Kxb5 a2 58. Kc6 a1=Q 59.
Kd5 Qf6 60. Kc4 Nc5 61. Kxc5 Qe5+ 62. Kc4 Qd6 63. Kb5 Qc7 64. Kb4 Kg7 65. Kb3
Qc5 66. Kb2 Qc4 67. Kb1 Qc3 68. Ka2 Qb4 69. Ka1 Kf6 70. Ka2 Ke5 71. Ka1 Kd4 72.
Ka2 Kc3 73. Ka1 Qb2# 0-1

[Event "DEM U10/U10w 2015"]
[Site "Willingen GER"]
[Date "2015.05.24"]
[Round "1"]
[White "Haufe, Laurin"]
[Black "Ruppert, Jeremy"]
[Result "1-0"]
[Termination "normal"]
[Board "10"]
[WhiteElo "1575"]
[BlackElo "1147"]
[PlyCount "53"]
[WhiteFideId "12976504"]
[EventCountry "GER"]
[EventRounds "11"]
[EventType "swiss"]
[EventDate "2015.05.23"]

1. e4 e5 2. Nf3 Nc6 3. d4 d6 4. dxe5 dxe5 5. Qxd8+ Kxd8 6. Be3 Nf6 7. Bb5 Nxe4
8. Bxc6 bxc6 9. Nxe5 Ke8 10. Nxc6 Bd6 11. O-O Bb7 12. Na5 Ba6 13. Re1 Bb4 14.
Bd2 Kd7 15. Rxe4 Rhe8 16. Rxe8 Rxe8 17. Bxb4 c5 18. Bc3 Kc7 19. Na3 Rd8 20.
N5c4 Kb7 21. h3 f5 22. Re1 Rd7 23. Ne5 Rd5 24. Nd3 Kc8 25. Re5 Rd8 26. Nxc5 Rd6
27. Re8+ 1-0

[Event "DEM U10/U10w 2015"]
[Site "Willingen GER"]
[Date "2015.05.24"]
[Round "1"]
[White "Stillbauer, Jan"]
[Black "Lutz, Ruben"]
[Result "0-1"]
[Termination "normal"]
[Board "11"]
[WhiteElo "1146"]
[BlackElo "1524"]
[PlyCount "68"]
[WhiteFideId "16239393"]
[BlackFideId "12975974"]
[EventCountry "GER"]
[EventRounds "11"]
[EventType "swiss"]
[EventDate "2015.05.23"]

1. e4 e6 2. d4 d5 3. Nc3 Nf6 4. Bg5 Be7 5. e5 Nfd7 6. Bxe7 Qxe7 7. Nf3 a6 8.
Bd3 c5 9. Qe2 c4 10. Bxc4 dxc4 11. Qxc4 Nc6 12. O-O O-O 13. Rfe1 Qb4 14. Nd2
Qxc4 15. Nxc4 Nxd4 16. Rac1 b5 17. Nd6 Nc5 18. b3 b4 19. Na4 Nxa4 20. bxa4 Nf5
21. Nxc8 Raxc8 22. Kf1 Nd4 23. c4 bxc3 24. Re4 Rfd8 25. f4 Rc4 26. Kf2 Rdc8 27.
Ke3 Nf5+ 28. Kf3 Kf8 29. g4 Ne7 30. Ke3 Nd5+ 31. Kf3 Rxe4 32. Kxe4 Rc4+ 33. Kd3
Rxf4 34. g5 Rxa4 0-1

[Event "DEM U10/U10w 2015"]
[Site "Willingen GER"]
[Date "2015.05.24"]
[Round "1"]
[White "Zeuner, Ole"]
[Black "Zwecker, Hagen"]
[Result "1/2-1/2"]
[Termination "normal"]
[Board "12"]
[WhiteElo "1484"]
[BlackElo "1145"]
[PlyCount "118"]
[WhiteFideId "12943576"]
[BlackFideId "12991007"]
[EventCountry "GER"]
[EventRounds "11"]
[EventType "swiss"]
[EventDate "2015.05.23"]

1. e4 e5 2. Nc3 Nf6 3. f4 exf4 4. e5 Ng8 5. d4 Qh4+ 6. Ke2 Nc6 7. Nf3 Qd8 8.
Bxf4 f6 9. Qd3 Bb4 10. Re1 d5 11. exd6 Bxd6 12. Kd1+ Nge7 13. Bxd6 Qxd6 14. Kc1
Bg4 15. d5 Bxf3 16. gxf3 Ne5 17. Qe4 O-O-O 18. Bh3+ Kb8 19. f4 N5g6 20. Rhf1
Nxd5 21. Bg2 c6 22. Nxd5 Qxd5 23. Qxd5 cxd5 24. Rd1 Rhe8 25. Bxd5 Rd6 26. Bf7
Rxd1+ 27. Kxd1 Rd8+ 28. Ke2 Ne7 29. Bb3 Nc6 30. c3 Kc7 31. Rf3 Na5 32. Bc2 Nc4
33. Bd3 Re8+ 34. Kf2 Nxb2 35. Bxh7 Nd1+ 36. Kf1 Ne3+ 37. Kg1 Ng4 38. Bd3 Rh8
39. h3 Nh6 40. Rg3 Kc6 41. Rxg7 Re8 42. Rg6 Re3 43. Bf1 Rxc3 44. Rxf6+ Kd5 45.
Rxh6 Ra3 46. Bg2+ Kd4 47. Bxb7 Rxa2 48. Ra6 Rxa6 49. Bxa6 Ke4 50. h4 Kxf4 51.
Bc8 a5 52. Kh2 a4 53. Kh3 a3 54. Be6 Ke5 55. Ba2 Kf6 56. Kg4 Kg7 57. Kg5 Kh8
58. h5 Kh7 59. Bb3 Kh8 1/2-1/2

[Event "DEM U10/U10w 2015"]
[Site "Willingen GER"]
[Date "2015.05.24"]
[Round "1"]
[White "Heutling, Elina"]
[Black "Colbow, Collin"]
[Result "1/2-1/2"]
[Termination "normal"]
[Board "13"]
[WhiteElo "1140"]
[BlackElo "1489"]
[PlyCount "59"]
[WhiteFideId "16244729"]
[BlackFideId "16201132"]
[EventCountry "GER"]
[EventRounds "11"]
[EventType "swiss"]
[EventDate "2015.05.23"]

1. e4 e5 2. Nf3 Nc6 3. Bc4 Bc5 4. c3 Nf6 5. d4 exd4 6. e5 d5 7. Bb5 Ne4 8. cxd4
Bb4+ 9. Bd2 Nxd2 10. Nbxd2 Bd7 11. Qa4 Be7 12. O-O O-O 13. Bd3 Nxe5 14. Qb3
Nxd3 15. Qxd3 Bd6 16. h4 Qf6 17. Ng5 Bf5 18. Qe3 Rfe8 19. Qc3 h6 20. Ngf3 Qg6
21. Ne5 Bxe5 22. dxe5 c6 23. g3 Rad8 24. f4 d4 25. Qf3 Qe6 26. Kh2 g6 27. Rg1
h5 28. Rg2 Bg4 29. Qe4 b5 30. Rc1 1/2-1/2

[Event "DEM U10/U10w 2015"]
[Site "Willingen GER"]
[Date "2015.05.24"]
[Round "1"]
[White "Lutz, Adam"]
[Black "Reuter, Elisa"]
[Result "0-1"]
[Termination "normal"]
[Board "14"]
[WhiteElo "1481"]
[BlackElo "1133"]
[PlyCount "110"]
[WhiteFideId "16226615"]
[BlackFideId "12995444"]
[EventCountry "GER"]
[EventRounds "11"]
[EventType "swiss"]
[EventDate "2015.05.23"]

1. e4 e5 2. Nf3 Nc6 3. Bc4 Bc5 4. c3 Nf6 5. d4 exd4 6. cxd4 Bb4+ 7. Bd2 Bxd2+
8. Nbxd2 d5 9. exd5 Nxd5 10. Qb3 Na5 11. Qa4+ c6 12. Bxd5 Qxd5 13. Rc1 Qb5 14.
Qa3 b6 15. Ne4 Nb7 16. Ne5 Qa5+ 17. Qxa5 Nxa5 18. b4 Nb7 19. Rxc6 O-O 20. O-O
f6 21. Nf3 Rd8 22. Rd1 Bf5 23. Ned2 Nd6 24. Nc4 Nxc4 25. Rxc4 Be6 26. Rc2 a5
27. bxa5 Rxa5 28. Rb2 Rd6 29. Rdb1 Rxa2 30. Rxb6 Rxb6 31. Re1 Kf7 32. h3 Rab2
33. Kh2 Rxf2 34. Rc1 Kg6 35. Rc7 Rbb2 36. Nh4+ Kh6 37. Kg3 Rfd2 38. Re7 Rb3+
39. Nf3 Bd5 40. Kg4 Bxf3+ 41. gxf3 Rxd4+ 42. Kg3 Rdd3 43. Kg2 Rxf3 44. Re2 Rxh3
45. Rd2 Rbg3+ 46. Kf2 Rh2+ 47. Kxg3 Rxd2 48. Kf3 Kg5 49. Ke3 Rd6 50. Ke4 Kg4
51. Ke3 f5 52. Ke2 f4 53. Kf1 Kf3 54. Ke1 g5 55. Kf1 Rd1# 0-1

[Event "DEM U10/U10w 2015"]
[Site "Willingen GER"]
[Date "2015.05.24"]
[Round "1"]
[White "Rashba, David"]
[Black "Breß, Aaron"]
[Result "0-1"]
[Termination "normal"]
[Board "15"]
[WhiteElo "1130"]
[BlackElo "1674"]
[PlyCount "136"]
[WhiteFideId "16205499"]
[BlackFideId "12996432"]
[EventCountry "GER"]
[EventRounds "11"]
[EventType "swiss"]
[EventDate "2015.05.23"]

1. e4 c5 2. Nf3 Nc6 3. d4 cxd4 4. Nxd4 g6 5. Nc3 Bg7 6. Be3 Nf6 7. f3 Qb6 8.
Na4 Qa5+ 9. c3 O-O 10. Nxc6 dxc6 11. Qc2 Rd8 12. g4 Qc7 13. g5 Nh5 14. Nc5 b6
15. Nd3 Ba6 16. Be2 Bxd3 17. Bxd3 Nf4 18. Bf1 Rd7 19. Bd2 Rad8 20. O-O-O Nd3+
21. Bxd3 Rxd3 22. Rhf1 Qxh2 23. f4 Qh3 24. Rh1 Qd7 25. e5 Qf5 26. Rhf1 c5 27.
Be3 Rxd1+ 28. Rxd1 Qxc2+ 29. Kxc2 Rxd1 30. Kxd1 f6 31. exf6 exf6 32. Kd2 f5 33.
Kc2 Kf7 34. Kd3 Ke6 35. b3 Kd5 36. c4+ Kc6 37. Bd2 a6 38. Bc3 Bxc3 39. Kxc3 a5
40. a3 b5 41. a4 b4+ 42. Kd3 Kd6 43. Ke3 Ke7 44. Kf3 Kf7 45. Kg3 Kg7 46. Kh4 h6
47. Kg3 hxg5 48. fxg5 Kf7 49. Kf4 Ke6 50. Kf3 Ke5 51. Ke3 f4+ 52. Kf3 Kf5 53.
Kf2 Kxg5 54. Kg2 Kg4 55. Kf2 f3 56. Kg1 Kg3 57. Kf1 f2 58. Ke2 Kg2 59. Ke3 f1=Q
60. Ke4 Qf5+ 61. Ke3 Qe5+ 62. Kd3 Kf2 63. Kc2 Ke2 64. Kb1 Kd3 65. Ka2 Kc3 66.
Kb1 Qe1+ 67. Ka2 Qe2+ 68. Kb1 Qb2# 0-1

[Event "DEM U10/U10w 2015"]
[Site "Willingen GER"]
[Date "2015.05.24"]
[Round "1"]
[White "Schauties, Nico Antonio"]
[Black "Baltic, Sara"]
[Result "1-0"]
[Termination "normal"]
[Board "16"]
[WhiteElo "1457"]
[BlackElo "1129"]
[PlyCount "97"]
[WhiteFideId "16206371"]
[BlackFideId "16210409"]
[EventCountry "GER"]
[EventRounds "11"]
[EventType "swiss"]
[EventDate "2015.05.23"]

1. d4 e6 2. c4 d5 3. Nc3 c6 4. Nf3 Be7 5. Bf4 Nd7 6. e3 b6 7. Bd3 Ba6 8. b3 Bb4
9. Qc2 Ngf6 10. O-O Bxc3 11. Qxc3 Ne4 12. Bxe4 dxe4 13. Nd2 Nf6 14. Bg5 h6 15.
Bxf6 Qxf6 16. Nxe4 Qg6 17. Ng3 Bb7 18. c5 h5 19. Rfd1 Ba6 20. Qd2 h4 21. Ne2
Bxe2 22. Qxe2 h3 23. Qf3 Qxg2+ 24. Qxg2 hxg2 25. Kxg2 Rh6 26. Rg1 Ke7 27. b4
Rah8 28. Rh1 f5 29. Rac1 b5 30. a4 a6 31. axb5 axb5 32. Ra1 g5 33. Ra7+ Kf6 34.
Rc7 f4 35. exf4 gxf4 36. Rxc6 Rg6+ 37. Kf3 Kf5 38. Rb6 Ra8 39. Rxb5 Ra3+ 40.
Ke2 f3+ 41. Kd2 Rg2 42. Rf1 Ke4 43. c6 Kxd4 44. Rc5 e5 45. c7 e4 46. c8=Q e3+
47. Kc2 e2 48. Qh8+ Ke4 49. Qe5# 1-0

[Event "DEM U10/U10w 2015"]
[Site "Willingen GER"]
[Date "2015.05.24"]
[Round "1"]
[White "Butenandt, Svenja"]
[Black "Röhr, Oliver"]
[Result "0-1"]
[Termination "normal"]
[Board "17"]
[WhiteElo "1342"]
[BlackElo "1453"]
[PlyCount "86"]
[WhiteFideId "12993859"]
[BlackFideId "12987697"]
[EventCountry "GER"]
[EventRounds "11"]
[EventType "swiss"]
[EventDate "2015.05.23"]

1. e4 e5 2. Nf3 Nc6 3. d4 exd4 4. Nxd4 Bc5 5. Nb3 Bb6 6. Nc3 d6 7. Qe2 Be6 8.
Be3 Bxe3 9. Qxe3 Nf6 10. O-O-O h6 11. Nd5 Bxd5 12. exd5+ Ne7 13. Kb1 Qd7 14. h3
O-O 15. Qf3 Qf5 16. Qxf5 Nxf5 17. g4 Ne7 18. Bg2 Rfe8 19. Rhe1 Ng6 20. Rxe8+
Rxe8 21. Na5 b6 22. Nc6 Nf4 23. g5 N6xd5 24. Bxd5 Nxd5 25. c4 Nf4 26. h4 Re2
27. Nb4 a5 28. Na6 Ne6 29. f3 Kf8 30. Rh1 Ke8 31. f4 Rf2 32. Re1 Rxf4 33. Nxc7+
Kd7 34. Nd5 Rxh4 35. Nxb6+ Kc6 36. Nd5 Rxc4 37. Ne7+ Kd7 38. Nf5 Rf4 39. Ng3
Nxg5 40. Nh5 Rg4 41. Nxg7 Nf3 42. Re3 Nd4 43. Nh5 Rg1+ 0-1

[Event "DEM U10/U10w 2015"]
[Site "Willingen GER"]
[Date "2015.05.24"]
[Round "1"]
[White "Ziegenfuß, Antonia"]
[Black "von Rosen, Jakob"]
[Result "1-0"]
[Termination "normal"]
[Board "18"]
[WhiteElo "1627"]
[BlackElo "1124"]
[PlyCount "123"]
[WhiteFideId "12962554"]
[BlackFideId "12982989"]
[EventCountry "GER"]
[EventRounds "11"]
[EventType "swiss"]
[EventDate "2015.05.23"]

1. e4 c5 2. Nf3 d6 3. Bb5+ Bd7 4. Bxd7+ Nxd7 5. O-O Ngf6 6. Re1 g6 7. c4 Bg7 8.
d4 cxd4 9. Nxd4 O-O 10. Nc3 Rc8 11. b3 Nc5 12. Bb2 Qb6 13. Nd5 Nxd5 14. exd5
Rce8 15. Qd2 e6 16. dxe6 Nxe6 17. Nxe6 fxe6 18. Bxg7 Kxg7 19. Rad1 Rf6 20. Qd4
Qxd4 21. Rxd4 Rd8 22. Red1 e5 23. Rd5 Kf7 24. Rxe5 Re6 25. Rxe6 Kxe6 26. Rd5 b6
27. Kf1 Rc8 28. Ke2 Rc5 29. Rd3 Re5+ 30. Re3 Rxe3+ 31. Kxe3 d5 32. Kd4 dxc4 33.
Kxc4 Kd6 34. f4 h5 35. g3 a6 36. Kd4 Ke6 37. Ke4 b5 38. b4 Kf6 39. h3 Ke6 40.
g4 h4 41. f5+ gxf5+ 42. gxf5+ Kf7 43. Kf4 Kf6 44. Kg4 Ke5 45. Kg5 Kd4 46. f6
Kc3 47. f7 Kb2 48. f8=Q Kxa2 49. Kxh4 Ka3 50. Kg3 Ka4 51. h4 a5 52. bxa5 Kxa5
53. Qa3+ Kb6 54. h5 Kc6 55. h6 Kd5 56. h7 Kc4 57. h8=Q b4 58. Qh4+ Kd5 59.
Qhxb4 Kc6 60. Qa6+ Kc7 61. Qbb7+ Kd8 62. Qaa8# 1-0

[Event "DEM U10/U10w 2015"]
[Site "Willingen GER"]
[Date "2015.05.24"]
[Round "1"]
[White "Pflugradt, Natalie"]
[Black "Stockmann, Till"]
[Result "0-1"]
[Termination "normal"]
[Board "19"]
[WhiteElo "1120"]
[BlackElo "1442"]
[PlyCount "130"]
[WhiteFideId "16212444"]
[BlackFideId "12979341"]
[EventCountry "GER"]
[EventRounds "11"]
[EventType "swiss"]
[EventDate "2015.05.23"]

1. e4 e5 2. Nf3 Nc6 3. d4 exd4 4. Bc4 Nf6 5. O-O d6 6. Re1 Bg4 7. Bf4 Ne5 8.
Nbd2 Bxf3 9. gxf3 Qd7 10. Bxe5 dxe5 11. Nb3 Bb4 12. Re2 g5 13. a3 Bf8 14. Rd2
Qc6 15. Qe2 a6 16. Bd3 h5 17. Na5 Qb6 18. Nc4 Qe6 19. Qf1 g4 20. Be2 Rg8 21.
Kh1 gxf3 22. Bxf3 Bh6 23. Rdd1 O-O-O 24. b4 Bf4 25. Nb2 Ng4 26. Bxg4 Qxg4 27.
f3 Qh4 28. Qe2 Rg3 29. Rg1 Rh3 30. Rg2 Rd6 31. Nd3 Bg3 32. Nf2 Bxf2 33. Qxf2
Qxf2 34. Rxf2 Rf6 35. Kg2 Rh4 36. a4 Rhf4 37. Kg3 h4+ 38. Kg2 h3+ 39. Kg3 Kd7
40. Raf1 Rh6 41. Rd2 Ke6 42. Rxd4 Rxf3+ 43. Rxf3 exd4 44. Kg4 f6 45. Rd3 Ke5
46. Kf3 Rh4 47. c3 Rxe4 48. cxd4+ Rxd4 49. Rxd4 Kxd4 50. Kg3 Ke4 51. Kxh3 f5
52. Kg3 Ke3 53. h4 f4+ 54. Kg2 Ke2 55. h5 f3+ 56. Kg3 f2 57. h6 f1=Q 58. Kg4
Qf7 59. Kg5 b6 60. Kg4 Qg6+ 61. Kf4 Qxh6+ 62. Ke5 Ke3 63. Kd5 c6+ 64. Kc4 Qd6
65. Kb3 Kd3 0-1